<?xml version="1.0" encoding="UTF-8"?>
<record
    xmlns:xsi="http://www.w3.org/2001/XMLSchema-instance"
    xsi:schemaLocation="http://www.loc.gov/MARC21/slim http://www.loc.gov/standards/marcxml/schema/MARC21slim.xsd"
    xmlns="http://www.loc.gov/MARC21/slim">

  <leader>00923nam a22002417a 4500</leader>
  <controlfield tag="005">20170123164142.0</controlfield>
  <datafield tag="010" ind1=" " ind2=" ">
    <subfield code="a">B-028459</subfield>
  </datafield>
  <datafield tag="020" ind1=" " ind2=" ">
    <subfield code="c">120.00</subfield>
  </datafield>
  <datafield tag="035" ind1=" " ind2=" ">
    <subfield code="a">B-028459</subfield>
  </datafield>
  <datafield tag="037" ind1=" " ind2=" ">
    <subfield code="a">Cen Lib/Ret</subfield>
  </datafield>
  <datafield tag="040" ind1=" " ind2=" ">
    <subfield code="a">DPL</subfield>
    <subfield code="b">PN</subfield>
  </datafield>
  <datafield tag="082" ind1=" " ind2=" ">
    <subfield code="a">852</subfield>
    <subfield code="b">&#xA1C;&#xA38;&#xA41;&#xA1C;&#xA3E;</subfield>
  </datafield>
  <datafield tag="100" ind1=" " ind2=" ">
    <subfield code="a">&#xA1C;&#xA38;&#xA41;&#xA1C;&#xA3E;, &#xA17;&#xA41;&#xA30;&#xA1A;&#xA30;&#xA28; &#xA38;&#xA3F;&#xA70;&#xA18; </subfield>
    <subfield code="9">141536</subfield>
  </datafield>
  <datafield tag="245" ind1=" " ind2=" ">
    <subfield code="a">&#xA2A;&#xA30;&#xA40;&#xA06;&#xA02; :</subfield>
    <subfield code="c">&#xA17;&#xA41;&#xA30;&#xA1A;&#xA30;&#xA28; &#xA38;&#xA3F;&#xA70;&#xA18; &#xA1C;&#xA38;&#xA41;&#xA1C;&#xA3E;  </subfield>
    <subfield code="b">&#xA2A;&#xA70;&#xA1C; &#xA05;&#xA70;&#xA15; &#xA26;&#xA3E; &#xA38;&#xA70;&#xA2A;&#xA42;&#xA30;&#xA28;  &#xA28;&#xA3E;&#xA1F;&#xA15; /</subfield>
  </datafield>
  <datafield tag="246" ind1=" " ind2=" ">
    <subfield code="a">Pariyan : a play /</subfield>
    <subfield code="b">Gurcharan Singh Jasuja </subfield>
  </datafield>
  <datafield tag="260" ind1=" " ind2=" ">
    <subfield code="a">&#xA26;&#xA3F;&#xA71;&#xA32;&#xA40;</subfield>
    <subfield code="b">&#xA06;&#xA30;&#xA38;&#xA40; &#xA2A;&#xA2C;&#xA32;&#xA3F;&#xA38;&#xA3C;&#xA30;&#xA1C;&#xA3C;</subfield>
    <subfield code="c">2000</subfield>
  </datafield>
  <datafield tag="270" ind1=" " ind2=" ">
    <subfield code="a"> &#xA1A;&#xA3E;&#xA02;&#xA26;&#xA28;&#xA40; &#xA1A;&#xA4C;&#xA02;&#xA15;</subfield>
    <subfield code="b">&#xA26;&#xA3F;&#xA71;&#xA32;&#xA40;</subfield>
    <subfield code="e">110006</subfield>
  </datafield>
  <datafield tag="300" ind1=" " ind2=" ">
    <subfield code="a">104p.</subfield>
    <subfield code="b">22cm(Hb)</subfield>
  </datafield>
  <datafield tag="650" ind1=" " ind2=" ">
    <subfield code="a">&#xA2A;&#xA70;&#xA1C;&#xA3E;&#xA2C;&#xA40; &#xA38;&#xA3E;&#xA39;&#xA3F;&#xA24;</subfield>
    <subfield code="9">141537</subfield>
  </datafield>
  <datafield tag="650" ind1=" " ind2=" ">
    <subfield code="a">Punjabi Drama</subfield>
    <subfield code="9">141538</subfield>
  </datafield>
  <datafield tag="650" ind1=" " ind2=" ">
    <subfield code="a">Punjabi Literature</subfield>
    <subfield code="9">141539</subfield>
  </datafield>
  <datafield tag="942" ind1=" " ind2=" ">
    <subfield code="2">ddc</subfield>
    <subfield code="c">PN</subfield>
    <subfield code="h">852</subfield>
    <subfield code="m">&#xA1C;&#xA38;&#xA41;&#xA1C;&#xA3E;</subfield>
  </datafield>
  <datafield tag="999" ind1=" " ind2=" ">
    <subfield code="c">109723</subfield>
    <subfield code="d">109723</subfield>
  </datafield>
  <datafield tag="952" ind1=" " ind2=" ">
    <subfield code="0">0</subfield>
    <subfield code="1">0</subfield>
    <subfield code="4">0</subfield>
    <subfield code="7">0</subfield>
    <subfield code="a">L</subfield>
    <subfield code="b">L</subfield>
    <subfield code="d">2015-12-31</subfield>
    <subfield code="e">Cen Lib/Ret</subfield>
    <subfield code="g">120.00</subfield>
    <subfield code="l">2</subfield>
    <subfield code="o">852 &#xA1C;&#xA3E;&#xA38;&#xA41;&#xA1C;&#xA3E;</subfield>
    <subfield code="p">B-028459</subfield>
    <subfield code="r">2019-05-29 00:00:00</subfield>
    <subfield code="s">2019-05-15</subfield>
    <subfield code="t">1</subfield>
    <subfield code="v">100.00</subfield>
    <subfield code="w">2015-12-31</subfield>
    <subfield code="y">PN</subfield>
  </datafield>
</record>
